Porovnanie chudoby nových členov Európskej únie
Nová metóda zisťovania a merania chudoby v Európskej únii. Porovnanie chudoby v jednotlivých nových členských štátoch Európskej únie s európskou pätnástkou a dvadsaťpäťkou ešte pre získaním údajov z harmonizovaného zisťovania akým by mal byť EU SILC. Štatistika príjmov a životných podmienok (EU SILC...
Enregistré dans:
| Auteur principal: | |
|---|---|
| Autres auteurs: | |
| Format: | Chapitre de livre |
| Langue: | slovaque |
| Sujets: | |
| Tags: |
Pas de tags, Soyez le premier à ajouter un tag!
|
MARC
| LEADER | 00000naa$a2200000$$$4500 | ||
|---|---|---|---|
| 001 | 0051435 | ||
| 005 | 20240502071612.7 | ||
| 041 | 0 | |a slo | |
| 044 | |a SK | ||
| 245 | 1 | 0 | |a Porovnanie chudoby nových členov Európskej únie |c Mária Pažitná, Ľudmila Ivančíková |
| 520 | |a Nová metóda zisťovania a merania chudoby v Európskej únii. Porovnanie chudoby v jednotlivých nových členských štátoch Európskej únie s európskou pätnástkou a dvadsaťpäťkou ešte pre získaním údajov z harmonizovaného zisťovania akým by mal byť EU SILC. Štatistika príjmov a životných podmienok (EU SILC). | ||
| 610 | 2 | 0 | |a porovnanie štatistické medzinárodné |
| 610 | 2 | 0 | |a chudoba |
| 610 | 2 | 0 | |a podmienky životné |
| 610 | 2 | 0 | |a zisťovanie štatistické |
| 610 | 2 | 0 | |a Európska únia |
| 610 | 2 | 0 | |a demografia sociálna |
| 100 | 1 | |a Pažitná, Mária | |
| 700 | 1 | |a Ivančíková, Ľudmila | |